|
|
|
|
| LEADER |
00000ny a22000003n 4500 |
| 005 |
2011062701521.0 |
| 008 |
090121s20082008sp s 000 0 spa d |
| 020 |
|
|
|a 8434017830
|
| 035 |
|
|
|a 2446
|
| 040 |
|
|
|a UMA.RE
|d vLex
|
| 080 |
|
|
|a 004.6(460)(0.034):342.723
|
| 080 |
|
|
|a 342.723:004.6(460)(0.034)
|
| 090 |
|
|
|c 1124
|d 1124
|
| 100 |
1 |
|
|a Veleiro, Belň
|
| 245 |
1 |
0 |
|a Proteccin̤ de datos de carc̀ter personal y sociedad de la informacin̤
|h [Recurso electrn̤ico]
|c Belň Veleiro
|
| 256 |
|
|
|a Servicio en ln̕ea
|
| 260 |
|
|
|a Madrid :
|b Boletn̕ Oficial del Estado,
|c 2008
|
| 506 |
1 |
|
|a Contenido solo disponible en los productos indicados
|d vLex Global
|d vLex Global (Academic Edition, excluding Law Schools)
|d vLex Global (U.S. Academic Edition, Law Schools)
|d vLex Global (U.S. Academic Edition, excluding Law Schools)
|d vLex Global (Academic Edition, Law Schools)
|
| 650 |
0 |
7 |
|a Nuevas tecnologa̕s
|2 Tesauro vLex
|
| 650 |
0 |
7 |
|a Datos personales
|2 Tesauro vLex
|
| 650 |
0 |
7 |
|a Civil
|2 Tesauro vLex
|
| 650 |
0 |
7 |
|a Proteccin̤ de los derechos fundamentales de la persona
|2 Tesauro vLex
|
| 650 |
0 |
7 |
|a Administrativo
|2 Tesauro vLex
|
| 650 |
0 |
7 |
|a Proteccin̤ de datos personales
|2 Tesauro vLex
|
| 710 |
2 |
|
|a Boletn̕ Oficial del Estado (Espaą)
|
| 740 |
0 |
|
|a vLex Libros (Servicios en ln̕ea)
|
| 856 |
4 |
0 |
|u http://vlex.com/source/2446
|z Acceso restringido
|
| 942 |
|
|
|c BOOK
|